000 00736nab a2200241 4500
003 BR-BrBNA
005 20241213220316.0
008 241213b bl.||||| |||| 00| 0 por d
040 _aBR-BrBNA
_bpor
072 _aP10 ; F06 ; N20
100 _aBrito, Zenilton
245 _aFiltragem central autônoma em perímetros irrigados
500 _a9 illus.
650 _aPERÍMETRO IRRIGADO
650 _aSISTEMA DE IRRIGAÇAO
650 _aFILTRAÇÃO
650 _aTRATAMENTO DA ÁGUA
650 _aEQUIPAMENTO
650 _aMANUTENÇÃO
773 0 _04820
_9344754
_dVotuporanga/SP IRRIGAZINE 2009
_o2024-5083
_tIrrigazine (Brazil)
_gv. 10(40) p. 26-27; (Mar 2015)
_wBR2024003939
942 _cANA
999 _c329262
_d329262